000
00332nam a2200133Ia 4500
008
240624s9999 xx 000 0 und d
041
_a
eng
082
_a
519.536 SCH
100
_a
SCHUMACKER RANDALL E
245
_a
USING R WITH MULTIVARIATE STATISTICS
260
_c
2015
_a
Los Angeles
_b
Sage
300
_a
408 : p.
365
_c
_b
38
999
_c
26598
_d
26598